000 00572nam a2200181 i 4500
001 150077
003 ES-MaACL
005 20230906203353.0
007 t|
008 071026s1966 sp ||||1| spa d
100 1 _aVallotton, Henry.
_9112926
245 1 0 _aMetternich /
_cHenry Vallotton ; [traducción de Luis Sastre].
260 _aMadrid :
_bCid,
_c[1966]
300 _a370 p. :
_bretr, biog. ;
_c21 cm.
600 1 4 _aMetternich, Clemens Wenzel Lothar
_cFürst von (
_d1773-1859)
_980737
700 1 _aSastre, Luis.
_9103920
852 _aES-MaACL
_jC-30326
_bR.60165
999 _c150077
_d150077